The reclaimed and recycled construction materials handbook (Record no. 55751)

MARC details
000 -LEADER
fixed length control field 00762nam a2200205 a 4500
008 - FIXED-LENGTH DATA ELEMENTS--GENERAL INFORMATION
fixed length control field 071212s1999 ||||||||||||||||| || u
020 ## - INTERNATIONAL STANDARD BOOK NUMBER
International Standard Book Number 0860175138
050 ## - LIBRARY OF CONGRESS CALL NUMBER
Classification number TA 403.6 Cov
100 ## - MAIN ENTRY--PERSONAL NAME
Personal name Hillier, Claire
245 14 - TITLE STATEMENT
Title The reclaimed and recycled construction materials handbook
Statement of responsibility, etc. Stuart Convetry; Claire Wooveridge; Shaun Hillier
260 ## - PUBLICATION, DISTRIBUTION, ETC.
Place of publication, distribution, etc. London
Name of publisher, distributor, etc. CIRIA
Date of publication, distribution, etc. 1999
300 ## - PHYSICAL DESCRIPTION
Extent xxii, 186p.: ill.
350 ## - PRICE (NR) (BK AM CF MU VM SE) [OBSOLETE]
Price 0.00
650 ## - SUBJECT ADDED ENTRY--TOPICAL TERM
Topical term or geographic name entry element CONSTRUCTION
650 ## - SUBJECT ADDED ENTRY--TOPICAL TERM
Topical term or geographic name entry element BUILDING MATERIALS
650 ## - SUBJECT ADDED ENTRY--TOPICAL TERM
Topical term or geographic name entry element RECYCLING (WASTE, ETC.)
700 ## - ADDED ENTRY--PERSONAL NAME
Personal name Convetry, Stuart
700 ## - ADDED ENTRY--PERSONAL NAME
Personal name Wooveridge, Claire
995 ## - RECOMMENDATION 995 [LOCAL, UNIMARC FRANCE]
-- 0.00
-- CBU-MAIN LIBRARY (Kitwe)
-- 1
-- 0.00
-- 1
-- AVAILABLE
-- Dec 12, 2007
-- Main Library Open Access Collection
Holdings
Withdrawn status Lost status Source of classification or shelving scheme Damaged status Not for loan Home library Current library Shelving location Date acquired Total Checkouts Full call number Barcode Date last seen Price effective from Koha item type
          CBU-MAIN LIBRARY, KITWE. CBU-MAIN LIBRARY, KITWE.   11/30/2022   TA 403.6 Cov 738161 11/30/2022 11/30/2022 MONOGRAPH